000
00300nam a22001217a 4500
999
_c
6042
_d
6042
245
_a
Companies Act, 1963, (ACT 179)
_c
by Republic of Ghana
246
_a
ACT 179
260
_a
Accra
_b
Assembly Press
300
_a
various paging
440
_a
Acts of Parliament
650
_a
Companies Act
942
_c
REF